浙江省小测验-Zhejiang Province Quiz - Statistics

General Stats
  • This quiz has been taken 32 times
  • The average score is 18 of 21
Answer Stats
提示 答案 % Correct
省会城市 杭州市
100%
最大的河流 钱塘江
100%
这个景点出现在现行人民币的背景上 三潭印月
100%
世界小商品之都 义乌市
100%
用十分法概括浙江的地貌 {七}山
97%
用十分法概括浙江的地貌 {一}水
97%
用十分法概括浙江的地貌 {两}分田
97%
相邻的省级行政区 上海市
93%
相邻的省级行政区 江苏省
93%
相邻的省级行政区 安徽省
93%
相邻的省级行政区 江西省
93%
相邻的省级行政区 福建省
93%
主要的方言大类 吴语
93%
这位近代文学家出生于浙江绍兴 鲁迅
93%
浙江唯一的民族自治县由这个民族自治 畲族
90%
这座桥曾经是世界上最长的跨海大桥 {杭州湾}跨海大桥
90%
这座山是中国佛教四大名山之一 普陀山
83%
中国大陆第一座核电站 秦山核电站
59%
最大的港口 {宁波-舟山}港
59%
浙江这个县以梯田闻名,有华东地区最大的梯田群 云和县
52%
浙江省拥有的第一项世界自然遗产 (为“中国丹霞”系列提名地之一) 江郎山
24%
No matching quizzes found
Score Distribution
Percent of People with Each Score
Percentile by Number Answered
Your Score History
You have not taken this quiz